Historia de la Sociedad de Naciones / (Record no. 133894)

MARC details
000 -LEADER
campo de control de longitud fija 00616nam a2200181 i 4500
001 - NÚMERO DE CONTROL
campo de control 133894
003 - IDENTIFICADOR DE NÚMERO DE CONTROL
campo de control ES-MaACL
005 - FECHA Y HORA DE LA ÚLTIMA TRANSACCIÓN
campo de control 20230906194545.0
007 - CAMPO FIJO DE DESCRIPCIÓN FÍSICA--INFORMACIÓN GENERAL
campo de control de longitud fija t|
008 - DATOS DE LONGITUD FIJA--INFORMACIÓN GENERAL
campo de control de longitud fija 070903s1971 sp ||||1| spa d
100 1# - ENTRADA PRINCIPAL--NOMBRE DE PERSONA
Nombre de persona Walters, F. P.
9 (RLIN) 116012
245 10 - MENCIÓN DEL TÍTULO
Título Historia de la Sociedad de Naciones /
Mención de responsabilidad, etc. F. P. Walters ; [traducción por Federico Fernández del Castillo ; revisión e índices... Manuel Medina].
260 ## - PUBLICACIÓN, DISTRIBUCIÓN, ETC.
Lugar de publicación, distribución, etc. Madrid :
Nombre del editor, distribuidor, etc. Tecnos,
Fecha de publicación, distribución, etc. [1971]
300 ## - DESCRIPCIÓN FÍSICA
Extensión 797 p. ;
Dimensiones 23 cm.
700 1# - ENTRADA AGREGADA--NOMBRE PERSONAL
Nombre de persona Fernández del Castillo, Federico.
9 (RLIN) 49730
700 1# - ENTRADA AGREGADA--NOMBRE PERSONAL
Nombre de persona Medina, Manuel.
9 (RLIN) 79704
852 ## - LOCALIZACIÓN
Ubicación ES-MaACL
Número de control de estantería C-37912
Sublocalización o colección R.76716
Holdings
Estatus retirado Estado de pérdida Estado de daño No para préstamo Biblioteca de origen Biblioteca actual Ubicación en estantería Fecha de adquisición Fuente de adquisición Total de préstamos Signatura topográfica completa Código de barras Visto por última vez Precio de reemplazo Tipo de ítem Koha
        Biblioteca del Ateneo de Madrid Biblioteca del Ateneo de Madrid Depósito 2 17/01/2008     C-37912 1139377 23/02/2023 23/02/2023 Libro impreso